LDR 00686naa#a2200169#i#450# 001 EN\\bibl\112001 005 20260503175618.7 011 ## _a2500-1825 100 ## _a20260331b2026####ek#y0engy0150####ca 102 ## _aRU 200 1# _aPUBLIC AND INDIVIDUAL LIVESTOCK FARMING THE KRASNOYARSK TERRITORY UNDER THE AGRARIAN REFORMS OF N.S. KHRUSHCHEV _eJournal article 210 1# _aKrasnoyarsk _cKrasnoyarsk State Agrarian University _d2026 215 ## _a9 с. 608 ## _aJournal article _2local 675 ## _aКраеведение. 908 _aРегиональная экономика. Территориальная экономика. 332.1 _z 700 #1 _aKotsik _gStanislav Aleksandrovich 856 4# _asej.kgau.ru _u